[Event "LSS No Engine Cup 07 Preliminary 1"]
[Site "LSS email"]
[Date "2009.09.24"]
[Round "?"]
[White "McDaniel, Jeff"]
[Black "Guartambel, Giovanni"]
[Result "1-0"]
[WhiteElo "669"]
[BlackElo "2116"]
[PlyCount "63"]
[EventDate "2009.09.25"]
[EventType "tourn (corr)"]
[EventRounds "6"]
[EventCountry "GER"]
[SourceTitle "Corr 2013"]
[Source "ChessBase"]
[SourceDate "2012.11.12"]
[SourceVersion "1"]
[SourceVersionDate "2012.11.12"]
[SourceQuality "1"]

1. d4 g6 2. c4 Bg7 3. Nc3 d6 4. Nf3 Nd7 5. e4 e6 6. Bd3 Ne7 7. 0-0 a6 8. h3 0-0 9. Bg5 h6 10. Bh4 Qe8 11. Qc2 Nc6 12. Ne2 Nb4 13. Qd2 Nxd3 14. Qxd3 e5 15. d5 Nc5 16. Qc2 f5 17. exf5 Bxf5 18. Qd2 b5 19. b3 bxc4 20. b4 Ne4 21. Qc1 Qb5 22. a3 Qxd5 23. Rd1 Qe6 24. Nd2 d5 25. Nc3 Nxd2 26. Rxd2 d4 27. Na4 Qc6 28. Be7 Rf7 29. Bc5 Qxa4 30. Qxc4 Re8 31. f3 Be6 32. Qe2 1-0

[Event "LSS No Engine Cup 07 Preliminary 1"]
[Site "LSS email"]
[Date "2009.09.24"]
[Round "?"]
[White "Murphy, Jones"]
[Black "Guartambel, Giovanni"]
[Result "1-0"]
[WhiteElo "1340"]
[BlackElo "2066"]
[PlyCount "35"]
[EventDate "2009.09.25"]
[EventType "tourn (corr)"]
[EventRounds "6"]
[EventCountry "GER"]
[SourceTitle "Telechess CBM 141"]
[Source "ChessBase"]
[SourceDate "2011.03.17"]
[SourceVersion "1"]
[SourceVersionDate "2011.03.17"]
[SourceQuality "1"]

1. e4 g6 2. Nf3 Bg7 3. d4 d6 4. Nc3 e6 5. Bg5 Ne7 6. Qd2 h6 7. Be3 a6 8. Bd3 Nd7 9. 0-0 b6 10. Bc4 Bb7 11. a4 g5 12. Ne1 Nf6 13. Bd3 Ng4 14. Qe2 Nxe3 15. fxe3 0-0 16. Nf3 f5 17. Nd2 c5 18. g3 1-0

[Event "LSS SM-2009-0-00049"]
[Site "LSS email"]
[Date "2009.03.17"]
[Round "?"]
[White "Godat, Terry"]
[Black "Guartambel, Giovanni"]
[Result "1/2-1/2"]
[WhiteElo "2322"]
[BlackElo "2043"]
[PlyCount "23"]
[EventDate "2009.02.14"]
[EventType "tourn (corr)"]
[EventRounds "6"]
[EventCountry "GER"]
[SourceTitle "Corr 2013"]
[Source "ChessBase"]
[SourceDate "2012.11.12"]
[SourceVersion "1"]
[SourceVersionDate "2012.11.12"]
[SourceQuality "1"]
[WhiteTeam "US of America"]
[BlackTeam "US of America"]
[WhiteTeamCountry "USA"]
[BlackTeamCountry "USA"]

1. Nf3 Nf6 2. d4 e6 3. g3 d5 4. c4 c6 5. Bg2 Nbd7 6. 0-0 Be7 7. Qd3 0-0 8. Nc3 b6 9. cxd5 cxd5 10. Bf4 Bb7 11. Rfc1 Ne4 12. Nd2 1/2-1/2

[Event "LSS SM-2009-0-00049"]
[Site "LSS email"]
[Date "2009.03.17"]
[Round "?"]
[White "Guartambel, Giovanni"]
[Black "Canizares Cuadra, Pedro"]
[Result "1/2-1/2"]
[WhiteElo "2043"]
[BlackElo "2243"]
[PlyCount "21"]
[EventDate "2009.02.14"]
[EventType "tourn (corr)"]
[EventRounds "6"]
[EventCountry "GER"]
[SourceTitle "Corr 2013"]
[Source "ChessBase"]
[SourceDate "2012.11.12"]
[SourceVersion "1"]
[SourceVersionDate "2012.11.12"]
[SourceQuality "1"]
[WhiteTeam "US of America"]
[BlackTeam "US of America"]
[WhiteTeamCountry "USA"]
[BlackTeamCountry "USA"]

1. Nf3 Nf6 2. g3 e6 3. Bg2 d5 4. 0-0 Be7 5. d3 c5 6. Nbd2 Nc6 7. e4 0-0 8. e5 Nd7 9. Re1 b5 10. h4 Qc7 11. Qe2 1/2-1/2

[Event "LSS SM-2008-0-00037"]
[Site "LSS email"]
[Date "2008.11.15"]
[Round "?"]
[White "Engelhard, Christof"]
[Black "Guartambel, Giovanni"]
[Result "1/2-1/2"]
[WhiteElo "2181"]
[BlackElo "2292"]
[PlyCount "38"]
[EventDate "2008.11.11"]
[EventType "tourn (corr)"]
[EventRounds "6"]
[EventCountry "GER"]
[SourceTitle "Corr 2011"]
[Source "ChessBase"]
[SourceDate "2010.08.31"]
[SourceVersion "1"]
[SourceVersionDate "2010.08.31"]
[SourceQuality "1"]

1. e4 c5 2. Nc3 a6 3. f4 e6 4. Nf3 b5 5. d3 Bb7 6. g3 Nf6 7. Bg2 d6 8. 0-0 Be7 9. e5 dxe5 10. fxe5 Nfd7 11. Ng5 Bxg5 12. Bxb7 Bxc1 13. Qxc1 Ra7 14. Qf4 0-0 15. Bg2 Qc7 16. Rae1 Nc6 17. Bxc6 Qxc6 18. b3 b4 19. Ne4 Qd5 1/2-1/2

[Event "LSS SM-2008-0-00037"]
[Site "LSS email"]
[Date "2008.11.15"]
[Round "?"]
[White "Vera Ruiz, Heraclio"]
[Black "Guartambel, Giovanni"]
[Result "1-0"]
[WhiteElo "2176"]
[BlackElo "2265"]
[PlyCount "89"]
[EventDate "2008.11.11"]
[EventType "tourn (corr)"]
[EventRounds "6"]
[EventCountry "GER"]
[SourceTitle "Corr 2011"]
[Source "ChessBase"]
[SourceDate "2010.08.31"]
[SourceVersion "1"]
[SourceVersionDate "2010.08.31"]
[SourceQuality "1"]

1. e4 c5 2. Nf3 d6 3. d4 cxd4 4. Nxd4 Nf6 5. Nc3 a6 6. Be3 e6 7. f3 Be7 8. Qd2 Nc6 9. 0-0-0 0-0 10. g4 Nxd4 11. Bxd4 b5 12. g5 Nd7 13. h4 b4 14. Ne2 a5 15. f4 Bb7 16. Ng3 Qc7 17. Kb1 Rfc8 18. f5 exf5 19. Nxf5 Bf8 20. Qg2 Ne5 21. Ne3 a4 22. Bxe5 dxe5 23. Bc4 Ba6 24. Bd5 Bb7 25. h5 Bxd5 26. Nxd5 Qc6 27. h6 b3 28. c3 bxa2+ 29. Ka1 g6 30. Rhf1 Ra7 31. Qh2 a3 32. b4 Re8 33. Nf6+ Kh8 34. Rf3 Ree7 35. Rd8 Ra8 36. Rxa8 Qxa8 37. Nd5 f5 38. gxf6 Rf7 39. Rf2 Qa7 40. Kxa2 Bd6 41. Kb3 Qa6 42. c4 Kg8 43. Qh3 Bf8 44. b5 Qa7 45. Qe6 1-0